Quizzes
Events
Quiz Creation
Community
Videos
Private Events
Remove Ads
Sign In
Join for FREE
Feedback
Dark Mode
Quiz Categories
Sports
Geography
Music
Movies
Television
Just For Fun
Miscellaneous
History
Literature
Language
Science
Gaming
Entertainment
Religion
Holiday
For Kids
Quiz Lab
Recent
Popular Today
Quiz Kudos Today
Editor Picks
Curator Picks
Quizzes by...
Day
Popularity
Type
Ratings
Length
Year
Community
Subscriptions
Recent Discussions
Orange Saloon
Badges
Playlists
Quests
Create
Leaderboards
Showdown
Live 5
Trivia Bingo
Activity
Puzzle Library
Sporcle Events
Private Events
Virtual Trivia
Globe League
Become a Host
Pub Owners
SporcleCon
Opinionation
Our Games
Videos
Blog
Mobile Apps
Partnerships
Remove Ads and Go Orange
Feedback
Gaming
Video Games
Board Games
Card Games
Pokémon
Mario
Nintendo
Minecraft
Console
Toys
Legend of Zelda
Gaming
Video Games
Board Games
Card Games
Pokémon
Mario
Nintendo
Minecraft
Console
Toys
Legend of Zelda
Random Quiz
Search Sporcle
×
Quiz Lab
Quiz Lab
Gaming
Learn
Type in answers that appear in a list
Type in answers that appear in a list
Classic
Best Score? Go Orange.
Moveset Quiz: Leavanny Stats
Can you name the moves that Leavanny can learn?
By
GeneralSecura
15m
69 Questions
72 Plays
72 Plays
72 Plays
Comments
Comments
Give Quiz Kudos
Give Quiz Kudos
-
- Ratings
hide this ad
Replay
Link that replays current quiz
Next Quiz
Link to next quiz in quiz playlist
You Got
0%
They Got
Avg Score
79%
Avg Friend Score
Upgrade to see
Score Distribution
Jump to the score distribution portion of the page
Score
0/69
Timer
15:00
0
Plays Today
Move
% Correct
Bug Bite
98.6%
Bug Buzz
98.6%
Leaf Blade
94.4%
Protect
94.4%
Razor Leaf
93.1%
X-Scissor
91.7%
Hyper Beam
91.7%
Slash
90.3%
Swords Dance
90.3%
Cut
90.3%
Aerial Ace
90.3%
Rest
90.3%
Attract
90.3%
Giga Impact
90.3%
Snore
88.9%
Sunny Day
88.9%
Return
88.9%
Tackle
87.5%
String Shot
87.5%
Struggle Bug
87.5%
Frustration
87.5%
Energy Ball
87.5%
Sleep Talk
86.1%
Toxic
86.1%
Giga Drain
84.7%
Signal Beam
84.7%
Light Screen
84.7%
Solarbeam
84.7%
Leaf Storm
83.3%
Hidden Power
83.3%
Double Team
83.3%
Reflect
83.3%
Substitute
83.3%
Agility
81.9%
Synthesis
80.6%
Move
% Correct
Swagger
80.6%
Air Slash
79.2%
Endure
79.2%
Facade
79.2%
Flash
79.2%
Grass Knot
79.2%
Seed Bomb
77.8%
Safeguard
77.8%
Round
77.8%
Screech
76.4%
Flail
76.4%
Knock Off
76.4%
Retaliate
76.4%
Helping Hand
75%
Grasswhistle
75%
False Swipe
73.6%
Worry Seed
73.6%
Poison Jab
73.6%
Silver Wind
72.2%
Calm Mind
72.2%
Shadow Claw
70.8%
Baton Pass
69.4%
Razor Wind
68.1%
Entrainment
66.7%
Electroweb
66.7%
Hone Claws
66.7%
Payback
66.7%
Iron Defense
65.3%
Dream Eater
65.3%
Magic Coat
63.9%
Heal Bell
62.5%
Camouflage
59.7%
Mind Reader
58.3%
Me First
45.8%
Quiz Playlist
Details
Report
Send in Message
Add To Playlist
Classic:
Type in answers that appear in a list
Last Updated: Feb 16, 2017
Quiz Scoreboard
CHALLENGE
Sign Up to Join the Scoreboard
Show All
Scores
Hide
Comments
May contain spoilers
Recently Published
Street Fighter Characters
by Artimus82
Gaming
60s
9x9 Crossword: Cartoon Network
by jackfrog10
Miscellaneous
3m
College Basketball Coaching Resumes
by pancakes188
Sports
9m
More to Explore
Quiz From the Vault
Featured Blog Post
Where Did the Easter Bunny Come From?
hide this ad
You Might Also Like...
Tags
Learn
Manner
Moveset
Today's Top Quizzes in Gaming
Browse Gaming
hide this ad
Today's Top Quizzes in Learn
Browse Learn
Top Contributed Quizzes in Gaming
1
5-to-1: Consoles
2
7-to-1: Board Game Piece Blitz
3
5-to-1: Legend of Zelda
4
League of Legends Pro Players by Career/Team History
5
Destiny 2 exotic weapons by perk icons
6
Ultimate Genshin Impact Logic Puzzle (up to 4.3)
7
Franchise by Action Figure
8
Who's on the WWE 2K24 Cover?
9
Genshin Impact Logic Puzzle Quiz
10
Order the Pokémon Regions
Explore More
Trending Topics
Disney
NBA
Marvel
Harry Potter
Crossword
Kpop
Anime
Soccer
NFL
The Office
WWE
Pokémon
Song
Country
Puzzle
hide this ad
More By:
GeneralSecura
Quiz
Plays
Rating
Category
Featured
Created
Ben 10 Alien Species Match
5,971
4.71
Television
Feb 4, 2013
Marvel VS Capcom Characters
4,345
4.73
Gaming
Aug 22, 2011
Pokémon Characters
2,641
4.25
Gaming
Sep 30, 2013
Pokémon of Gym Leaders (Stadium Edition)
2,076
4.71
Gaming
Nov 1, 2011
Name that Digimon
1,818
3.00
Gaming
Mar 19, 2019
Go to Creator's Profile
Score Distribution
Quiz Creator Spotlight
GeneralSecura
Follow
Send a Message
Quizzes Created
-
Created Quiz Play Count
-
More By This Creator
Popular Quizzes Today
1
Find the US States - No Outlines Minefield
2
Find the Countries of Europe - No Outlines Minefield
3
The Countries of the World
4
Find the US States
5
Risky Map Clicking: Biggest States A-Z
6
US States
7
Popular People in 1961
8
Movies - When Are They Set?
More Gaming Quizzes
Mini Trivia Sudoku: Consoles
Curator's Pick
Trending Quizzes
Risky Map Clicking: Least Populous States A-Z
1-10 Letter G Words
Risky Map Clicking: Next State Alphabetically
Adjectives in 80s TV Shows
The Seven Year Switch: Catherine
Recently Updated
Leaping Animals
pecheneg
Reality TV Shows (A-Z)
bhenderson79
Rickey Henderson's Hall of Fame Teammates
pecheneg
Champions League XIs: Arsenal
pecheneg
Quick Pick: Celebrities in WWE's Hall of Fame
aduchscher
A-Z Keypad Blitz II
pecheneg
Multiple Oscar Actors
pecheneg
Mystery Phrase Blitz: Oscar 'Best Actors'
pecheneg
F. Scott Fitzgerald Novels
LTH
Pick 3 Villains
ddd62291
Trending Topics
NBA
Harry Potter
Kpop
Anime
Disney
Marvel
Crossword
Song
Country
Pokémon
The Office
Soccer
WWE
NFL
Puzzle
Your Account Isn't Verified!
In order to create a playlist on Sporcle, you need to verify the email address you used during registration. Go to your
Sporcle Settings
to finish the process.
Report this User
Report this user for behavior that violates our
Community Guidelines
.
Details:
Send Report
Go to the Sporcle.com Mobile Site →
Comments